| 000 | 00569nam a2200241Ia 4500 | ||
|---|---|---|---|
| 003 | OSt | ||
| 005 | 20250405113448.0 | ||
| 008 | 210210b1943 xxu||||| |||| 00| 0 eng d | ||
| 040 | _cAL | ||
| 041 | _aeng | ||
| 082 | _a580/246 | ||
| 100 |
_aSCOTT _9207589 |
||
| 245 | _aFlowering plants part I | ||
| 260 |
_aLondon _bAdam and Charles Black _c1943 |
||
| 650 |
_aplants _9207590 |
||
| 650 |
_apart _9207591 |
||
| 650 |
_aI _9207592 |
||
| 650 |
_aFlowering _9207593 |
||
| 690 |
_aBotany _9207594 |
||
| 700 |
_aBROOKS _9207595 |
||
| 906 | _a010503 | ||
| 942 |
_2ddc _cBK |
||
| 999 |
_c138271 _d138271 |
||